| 000 | 005790000a22001810004500 | ||
|---|---|---|---|
| 003 | MACL | ||
| 005 | 20160120183230.0 | ||
| 008 | 160120b xxu||||| |||| 00| 0 eng d | ||
| 040 |
_aMACL _cMACL |
||
| 041 | _aHindi | ||
| 082 | _a340.59/JHA | ||
| 100 |
_aझाबवाला नौशीखान एच _933810 |
||
| 245 | _aमुस्लिम विधि के सिद्धान्त | ||
| 260 |
_bसी जमनादास एण्ड कंपनी _aबम्बई |
||
| 350 | _a30 | ||
| 650 |
_aलॉ _933609 |
||
| 942 |
_cHIN _k340.59 /JHA _2ddc |
||
| 999 |
_c30779 _d30779 |
||